Statistics for Geography Series #7

Click here to take the quiz!

General Stats

  • This quiz has been taken 31 times
  • The average score is 11 of 13

Answer Stats

13 British Colonies (US)% Correct
Massachusetts
97%
New York
93%
Virginia
93%
Rhode Island
90%
Maryland
87%
New Hampshire
87%
Connecticut
83%
North Carolina
83%
South Carolina
83%
New Jersey
80%
Delaware
77%
Pennsylvania
70%
Georgia
67%

Score Distribution

Percentile by Number Answered

Percent of People with Each Score

Your Score History

You have not taken this quiz